Musicians By Initial: The Letter G - Statistics

General Stats
  • This quiz has been taken 242 times
  • The average score is 9 of 22
Answer Stats
Inits Clue Answer % Correct
GH One of the Fab Four George Harrison
89%
GS Kiss (bass & vox) Gene Simmons
79%
GE She first found fame with Miami Sound Machine Gloria Estefan
78%
GK Female soul legend. Backed by The Pips Gladys Knight
77%
GA Singer for a southern rock band founded in 1969 by himself & his brother Duane Greg Allman
62%
GR Baker Street Gerry Rafferty
59%
GB Drummer with Cream Ginger Baker
58%
GJ Jamaican born model and singer. Slave To The Rhythm Grace Jones
55%
GC Funk musician who headed the Parliament-Funkadelic collective George Clinton
45%
GO Singer songwriter who was 'Alone Again (Naturally') Gilbert O'Sullivan
41%
GF "If you can see what I can see, When I'm Cleaning Windows" George Formby
36%
GL Canadian singer-songwriter. 'If You Could Read My Mind' Gordon Lightfoot
35%
GN Tubeway Army frontman Gary Numan
33%
GV Be-Bop-A-Lula Gene Vincent
32%
GM Thin Lizzy guitarist Gary Moore
23%
GP Country rock legend. One time member of the Byrds. Died of a drug overdose in 1973. Gram Parsons
21%
GT One half of Squeeze's songwriting partnership Glen Tilbrook
19%
GW Soul singer backed by the Ram Jam Band Geno Washington
13%
GG Wrote 'For Your Love' before achieving fame with 10CC Graham Gouldman
13%
GI Jamaican reggae singer. Acquainted with a 'Night Nurse' Gregory Isaacs
11%
GD Blind blues singer (1896-1972) with a distinctive finger pickin' guitar sound. Became an ordained minister in 1933. 'Blind' or 'Reverend' Gary Davis
8%
GZ Romanian pan flute master. Charted in the UK in 1976 with 'Light Of Experience' Gheorghe Zamfir
7%
No matching quizzes found
Score Distribution
Percent of People with Each Score
Percentile by Number Answered
Your Score History
You have not taken this quiz